[Event "Mittelfrank Regionalliga Sud-West 2223"]
[Site "Mittelfranken"]
[Date "2023.04.23"]
[Round "9.8"]
[White "Jagdhuber, Hans"]
[Black "Neipp, Simon"]
[Result "1-0"]
[WhiteElo "1780"]
[BlackElo "1546"]
[PlyCount "49"]
[EventDate "2022.10.09"]
[EventType "team-tourn"]
[EventRounds "9"]
[EventCountry "GER"]
[SourceTitle "EXT 2024"]
[Source "ChessBase"]
[SourceDate "2023.10.10"]
[SourceVersion "1"]
[SourceVersionDate "2023.10.10"]
[SourceQuality "1"]
[WhiteTeam "Augsburg Rochade"]
[BlackTeam "Dillingen"]
[WhiteTeamCountry "GER"]
[BlackTeamCountry "GER"]

1. Nf3 d5 2. c4 e6 3. g3 Nf6 4. Bg2 c5 5. 0-0 Nc6 6. cxd5 exd5 7. d4 c4 8. Nc3 Bf5 9. Ne5 Bb4 10. g4 Bxc3 11. Nxc6 bxc6 12. gxf5 Ba5 13. Qa4 Rc8 14. b4 cxb3 15. axb3 Bb6 16. Ba3 Qd7 17. Rac1 Bd8 18. Rc3 Be7 19. Bxe7 Kxe7 20. Rfc1 Rc7 21. Rxc6 Rhc8 22. Qb4+ Ke8 23. Rxc7 Rxc7 24. Qb8+ Qd8 25. Qxc7 1-0

[Event "Mittelfrank Regionalliga Sud-West 2223"]
[Site "Mittelfranken"]
[Date "2023.03.05"]
[Round "7.7"]
[White "Kollmann, Robert"]
[Black "Jagdhuber, Hans"]
[Result "1-0"]
[WhiteElo "1948"]
[BlackElo "1780"]
[PlyCount "69"]
[EventDate "2022.10.09"]
[EventType "team-tourn"]
[EventRounds "9"]
[EventCountry "GER"]
[SourceTitle "EXT 2024"]
[Source "ChessBase"]
[SourceDate "2023.10.10"]
[SourceVersion "1"]
[SourceVersionDate "2023.10.10"]
[SourceQuality "1"]
[WhiteTeam "Marktoberdorf"]
[BlackTeam "Augsburg Rochade"]
[WhiteTeamCountry "GER"]
[BlackTeamCountry "GER"]

1. f4 d5 2. Nf3 Nf6 3. e3 g6 4. b3 Bg7 5. Bb2 0-0 6. Be2 c5 7. 0-0 Nc6 8. Qe1 Bf5 9. d3 d4 10. e4 Bd7 11. h3 Nh5 12. Nh4 Nf6 13. Bc1 Nxe4 14. dxe4 d3 15. e5 dxe2 16. Qxe2 Nd4 17. Qf2 Bb5 18. Re1 Ne2+ 19. Kh2 Qd4 20. Qxd4 cxd4 21. a4 Ba6 22. b4 d3 23. b5 Nxc1 24. Rxc1 g5 25. Nf5 dxc2 26. Rxc2 gxf4 27. Nxg7 Kxg7 28. bxa6 bxa6 29. Nd2 f6 30. e6 Rad8 31. Nf3 Rd6 32. Re1 Rb8 33. Nh4 Rbb6 34. Nf5+ Kg6 35. Nxd6 1-0

[Event "Mittelfrank Regionalliga Sud-West 2223"]
[Site "Mittelfranken"]
[Date "2022.12.11"]
[Round "4.8"]
[White "Rabenstein, Winfried"]
[Black "Jagdhuber, Hans"]
[Result "1-0"]
[WhiteElo "2021"]
[BlackElo "1780"]
[PlyCount "113"]
[EventDate "2022.10.09"]
[EventType "team-tourn"]
[EventRounds "9"]
[EventCountry "GER"]
[SourceTitle "EXT 2024"]
[Source "ChessBase"]
[SourceDate "2023.10.10"]
[SourceVersion "1"]
[SourceVersionDate "2023.10.10"]
[SourceQuality "1"]
[WhiteTeam "Haar"]
[BlackTeam "Augsburg Rochade"]
[WhiteTeamCountry "GER"]
[BlackTeamCountry "GER"]

1. c4 Nf6 2. Nc3 e6 3. e4 d6 4. g3 c5 5. Bg2 Nbd7 6. Nge2 Rb8 7. 0-0 b6 8. d4 cxd4 9. Nxd4 Bb7 10. Re1 a6 11. b3 Be7 12. Bb2 0-0 13. Qd2 Qc7 14. Rad1 Rfe8 15. f4 Bf8 16. f5 e5 17. Nc2 b5 18. Ne3 Qc6 19. Rc1 b4 20. Ncd5 a5 21. Kh1 Qc5 22. Bf3 Bc6 23. g4 Kh8 24. g5 Ng8 25. Qg2 f6 26. g6 h6 27. Nc7 Bxe4 28. Nxe8 Bxf3 29. Qxf3 Rxe8 30. Nd5 Ne7 31. Rcd1 Nc6 32. Re4 Ne7 33. Bc1 Nxd5 34. Rxd5 Qc6 35. Be3 a4 36. Kg2 axb3 37. axb3 Qa8 38. Bf2 Qa2 39. Re2 Qb1 40. Qd3 Qa1 41. Qd1 Qa8 42. Kg1 Qc8 43. Rb5 Nb8 44. Ra2 Nc6 45. Qf3 Ne7 46. Rxb4 d5 47. Rba4 Qc6 48. Ra6 Qd7 49. Ra7 Qc8 50. Ra8 Qxa8 51. Rxa8 Rxa8 52. cxd5 Rd8 53. Bc5 Nxf5 54. Qxf5 Bxc5+ 55. Kf1 Kg8 56. Qe6+ Kf8 57. Qf7# 1-0

[Event "Mittelfrank Regionalliga Sud-West 2122"]
[Site "Mittelfranken"]
[Date "2022.05.15"]
[Round "5.7"]
[White "Jagdhuber, Hans"]
[Black "Komarov, Jan"]
[Result "0-1"]
[WhiteElo "1813"]
[BlackElo "1811"]
[PlyCount "99"]
[EventDate "2021.10.24"]
[EventType "team-tourn"]
[EventRounds "9"]
[EventCountry "GER"]
[SourceTitle "EXT 2024"]
[Source "ChessBase"]
[SourceDate "2023.10.10"]
[SourceVersion "1"]
[SourceVersionDate "2023.10.10"]
[SourceQuality "1"]
[WhiteTeam "Augsburg Rochade"]
[BlackTeam "Muenchen Suedost II"]
[WhiteTeamCountry "GER"]
[BlackTeamCountry "GER"]

1. Nf3 c5 2. g3 d5 3. Bg2 Nf6 4. 0-0 Nc6 5. c4 e6 6. cxd5 Nxd5 7. Nc3 Be7 8. b3 0-0 9. Bb2 Bf6 10. Qc1 Nxc3 11. dxc3 Qc7 12. Ng5 h6 13. Ne4 Be7 14. Qe3 b6 15. c4 Rd8 16. Rad1 Bb7 17. Nc3 Nd4 18. f3 Nf5 19. Qf2 Bf6 20. Na4 Bd4 21. Bxd4 cxd4 22. Rd3 Ne3 23. Rxe3 dxe3 24. Qxe3 Qd6 25. Nc3 Qd4 26. Kf2 Rd7 27. Rd1 Qxe3+ 28. Kxe3 Rad8 29. Rd3 Kf8 30. Nd1 Ke7 31. Nf2 h5 32. h4 f6 33. Nh3 Rxd3+ 34. exd3 e5 35. Bf1 Ke6 36. Be2 a5 37. a3 Kf5 38. b4 axb4 39. axb4 Ra8 40. g4+ hxg4 41. fxg4+ Ke6 42. d4 Ra3+ 43. Bd3 e4 44. d5+ Ke5 45. Nf4 exd3 46. Nxd3+ Kd6 47. Kd4 Ra1 48. c5+ bxc5+ 49. bxc5+ Ke7 50. c6 0-1

[Event "Mittelfrank Regionalliga Sud-West 2122"]
[Site "Mittelfranken"]
[Date "2022.05.08"]
[Round "8.6"]
[White "Jagdhuber, Hans"]
[Black "Pleyer, Felix"]
[Result "0-1"]
[WhiteElo "1813"]
[BlackElo "1867"]
[PlyCount "64"]
[EventDate "2021.10.24"]
[EventType "team-tourn"]
[EventRounds "9"]
[EventCountry "GER"]
[SourceTitle "EXT 2024"]
[Source "ChessBase"]
[SourceDate "2023.10.10"]
[SourceVersion "1"]
[SourceVersionDate "2023.10.10"]
[SourceQuality "1"]
[WhiteTeam "Augsburg Rochade"]
[BlackTeam "Kempten"]
[WhiteTeamCountry "GER"]
[BlackTeamCountry "GER"]

1. Nf3 d6 2. c4 e5 3. g3 Nc6 4. Nc3 Be6 5. b3 Be7 6. Bg2 Qd7 7. d4 exd4 8. Nxd4 Bh3 9. 0-0 Bxg2 10. Kxg2 Nf6 11. Nd5 0-0 12. Nxe7+ Nxe7 13. Bg5 Ne4 14. Bxe7 Qxe7 15. f3 Nc5 16. e4 Rad8 17. b4 Ne6 18. Nf5 Qf6 19. Qd2 g6 20. Nh6+ Kg7 21. Ng4 Qd4 22. Qc1 Kh8 23. Qc2 Qg7 24. Rad1 Rde8 25. Ne3 f5 26. exf5 Nf4+ 27. gxf4 Rxe3 28. Kf2 Rc3 29. Qe2 Rxf5 30. Qe8+ Rf8 31. Qe4 Qf6 32. Rfe1 Qxf4 0-1

[Event "Mittelfrank Regionalliga Sud-West 2122"]
[Site "Mittelfranken"]
[Date "2021.11.14"]
[Round "2.6"]
[White "Pribyl, Felix"]
[Black "Jagdhuber, Hans"]
[Result "0-1"]
[WhiteElo "1607"]
[BlackElo "1813"]
[PlyCount "84"]
[EventDate "2021.10.24"]
[EventType "team-tourn"]
[EventRounds "9"]
[EventCountry "GER"]
[SourceTitle "EXT 2024"]
[Source "ChessBase"]
[SourceDate "2023.10.10"]
[SourceVersion "1"]
[SourceVersionDate "2023.10.10"]
[SourceQuality "1"]
[WhiteTeam "Haunstetten II"]
[BlackTeam "Augsburg Rochade"]
[WhiteTeamCountry "GER"]
[BlackTeamCountry "GER"]

1. d4 Nf6 2. c4 g6 3. Nc3 Bg7 4. e4 d6 5. Be2 0-0 6. Bg5 h6 7. Be3 e5 8. d5 a5 9. Qd2 Kh7 10. h4 Na6 11. h5 g5 12. f3 Nc5 13. g4 b6 14. Bd1 Ba6 15. b3 Ng8 16. Nge2 Ne7 17. Bc2 Qd7 18. Ng3 Kg8 19. Kf2 f6 20. a3 b5 21. b4 axb4 22. axb4 Na4 23. Nxa4 bxa4 24. Bxa4 Qd8 25. Qc3 Bb7 26. c5 Bc8 27. c6 f5 28. gxf5 Bxf5 29. Nxf5 Nxf5 30. exf5 Rxf5 31. Qc2 Qf6 32. Kg2 Rf8 33. Qe2 Rxf3 34. Raf1 e4 35. Bd1 Qe5 36. Rxf3 exf3+ 37. Qxf3 Rxf3 38. Bxf3 Qxe3 39. Rf1 Qd2+ 40. Rf2 Qxb4 41. Re2 Be5 42. Kh3 Qf4 0-1

[Event "Regionalliga Sued-West 1819"]
[Site "Bayern"]
[Date "2019.03.24"]
[Round "8.7"]
[White "Zellweger, Wilfried"]
[Black "Jagdhuber, Hans"]
[Result "1/2-1/2"]
[WhiteElo "1888"]
[BlackElo "1918"]
[PlyCount "56"]
[EventDate "2018.10.21"]
[EventType "team-tourn"]
[EventRounds "9"]
[EventCountry "GER"]
[SourceTitle "EXT 2022"]
[Source "ChessBase"]
[SourceDate "2021.10.06"]
[SourceVersion "1"]
[SourceVersionDate "2021.10.06"]
[SourceQuality "1"]
[WhiteTeam "Tuerkheim/Bad Woerishofen"]
[BlackTeam "Augsburg SK Rochade"]
[WhiteTeamCountry "GER"]
[BlackTeamCountry "GER"]

1. e4 c5 2. g3 b6 3. Bg2 Bb7 4. Nc3 e6 5. d3 Nc6 6. f4 g6 7. Nf3 Bg7 8. 0-0 Nge7 9. Rb1 0-0 10. Bd2 d6 11. Ne2 d5 12. c3 b5 13. e5 a5 14. g4 Ba6 15. Re1 b4 16. d4 Qb6 17. Kh1 Bd3 18. Rc1 bxc3 19. Bxc3 Bxe2 20. Rxe2 Bh6 21. g5 Bg7 22. dxc5 Qxc5 23. Nd4 Qb6 24. Rd2 Rfc8 25. Bf1 Nxd4 26. Bxd4 Qb7 27. Rdc2 Nc6 28. a4 Nxd4 1/2-1/2

[Event "Regionalliga Sued-West 1819"]
[Site "Bayern"]
[Date "2019.02.24"]
[Round "7.7"]
[White "Jagdhuber, Hans"]
[Black "Winterkamp, Stefan"]
[Result "1/2-1/2"]
[WhiteElo "1918"]
[BlackElo "1877"]
[PlyCount "134"]
[EventDate "2018.10.21"]
[EventType "team-tourn"]
[EventRounds "9"]
[EventCountry "GER"]
[SourceTitle "EXT 2022"]
[Source "ChessBase"]
[SourceDate "2021.10.06"]
[SourceVersion "1"]
[SourceVersionDate "2021.10.06"]
[SourceQuality "1"]
[WhiteTeam "Augsburg SK Rochade"]
[BlackTeam "Klosterlechfeld"]
[WhiteTeamCountry "GER"]
[BlackTeamCountry "GER"]

1. Nf3 d5 2. g3 Nf6 3. Bg2 c6 4. 0-0 Bf5 5. d3 Qb6 6. Nbd2 Nbd7 7. Qe1 e5 8. e4 dxe4 9. dxe4 Bg4 10. Nc4 Qc7 11. b3 Be6 12. Ncd2 h6 13. Bb2 Bc5 14. h3 0-0 15. Qe2 b5 16. a3 a5 17. a4 Rab8 18. axb5 cxb5 19. Ne1 Bd6 20. Nd3 Nc5 21. Nxc5 Bxc5 22. Nf3 Nd7 23. Qd2 b4 24. Nh4 Rfd8 25. Nf5 Bxf5 26. exf5 e4 27. Kh2 Nf6 28. Qe2 Bd4 29. Bxd4 Rxd4 30. Rfd1 Rbd8 31. Rxd4 Rxd4 32. Rd1 Rxd1 33. Qxd1 Qe5 34. Kg1 Qxf5 35. Qd8+ Kh7 36. Qc7 Kg6 37. Qc4 Qe5 38. Qe2 Qa1+ 39. Kh2 Qe5 40. Kg1 Qd4 41. Kh2 h5 42. Kg1 Qa1+ 43. Kh2 Qe5 44. Kg1 Kf5 45. Qc4 Kg6 46. Qe2 Qd5 47. f3 Qd4+ 48. Kf1 exf3 49. Bxf3 Qc5 50. Kg2 Kh6 51. Qd2+ Kh7 52. Qd3+ g6 53. Be2 Qd5+ 54. Qxd5 Nxd5 55. Kf3 f5 56. Bc4 Nb6 57. Bd3 Kg7 58. g4 hxg4+ 59. hxg4 fxg4+ 60. Kxg4 Kf6 61. Kf4 g5+ 62. Ke4 Ke6 63. Be2 Kd6 64. Kd4 Nd5 65. Bf3 Nb6 66. Be2 Kc6 67. Bf3+ Kd6 1/2-1/2

[Event "Regionalliga Sued-West 1819"]
[Site "Bayern"]
[Date "2018.11.25"]
[Round "3.6"]
[White "Jagdhuber, Hans"]
[Black "Stiefel, Roland"]
[Result "1/2-1/2"]
[WhiteElo "1918"]
[BlackElo "1963"]
[PlyCount "99"]
[EventDate "2018.10.21"]
[EventType "team-tourn"]
[EventRounds "9"]
[EventCountry "GER"]
[SourceTitle "EXT 2022"]
[Source "ChessBase"]
[SourceDate "2021.10.06"]
[SourceVersion "1"]
[SourceVersionDate "2021.10.06"]
[SourceQuality "1"]
[WhiteTeam "Augsburg SK Rochade"]
[BlackTeam "Sendling SC"]
[WhiteTeamCountry "GER"]
[BlackTeamCountry "GER"]

1. Nf3 c5 2. g3 b6 3. Bg2 Bb7 4. 0-0 Nf6 5. c4 e6 6. Nc3 d6 7. Re1 Be7 8. e4 0-0 9. d4 cxd4 10. Nxd4 Nfd7 11. f4 a6 12. Be3 Qc7 13. Rc1 Nf6 14. g4 g6 15. g5 Ne8 16. Qg4 Qd7 17. Bh3 Ng7 18. Nd5 exd5 19. Qxd7 Nxd7 20. Bxd7 dxe4 21. Nc6 Bxc6 22. Bxc6 Rab8 23. Bxe4 Ne6 24. h4 Rfd8 25. f5 gxf5 26. Bxf5 Ng7 27. Be4 b5 28. Ba7 Rbc8 29. cxb5 axb5 30. Bb6 Rxc1 31. Rxc1 Rf8 32. Be3 Ne6 33. Bd3 Rb8 34. Be4 Nc5 35. Bd5 Ne6 36. Ba7 Rd8 37. Be3 Nc5 38. Rf1 Rf8 39. h5 Ne6 40. g6 hxg6 41. hxg6 Kg7 42. gxf7 Ng5 43. Bxg5 Bxg5 44. Re1 Bf6 45. Re2 Be5 46. b3 b4 47. Re4 Bc3 48. Re6 Rxf7 49. Rxd6 Ra7 50. Bc4 1/2-1/2

[Event "Regionalliga Sued-West 1819"]
[Site "Bayern"]
[Date "2018.11.11"]
[Round "2.7"]
[White "Jagdhuber, Hans"]
[Black "Loos, Stephan"]
[Result "1/2-1/2"]
[WhiteElo "1918"]
[BlackElo "1972"]
[PlyCount "47"]
[EventDate "2018.10.21"]
[EventType "team-tourn"]
[EventRounds "9"]
[EventCountry "GER"]
[SourceTitle "EXT 2022"]
[Source "ChessBase"]
[SourceDate "2021.10.06"]
[SourceVersion "1"]
[SourceVersionDate "2021.10.06"]
[SourceQuality "1"]
[WhiteTeam "Augsburg SK Rochade"]
[BlackTeam "Muenchen Bayern III"]
[WhiteTeamCountry "GER"]
[BlackTeamCountry "GER"]

1. Nf3 g6 2. g3 Bg7 3. Bg2 d6 4. 0-0 f5 5. d3 Nf6 6. Nc3 0-0 7. e4 fxe4 8. Nxe4 Nxe4 9. dxe4 c6 10. c4 Na6 11. Qc2 Bg4 12. Ng5 Qc8 13. h3 Bd7 14. Kh2 Rb8 15. Be3 c5 16. a3 Kh8 17. h4 b5 18. Rab1 Nc7 19. b4 cxb4 20. axb4 a6 21. c5 Ne6 22. Qd2 dxc5 23. Nxe6 Bxe6 24. Bxc5 1/2-1/2

[Event "GER-chT Laender Seniors 65+"]
[Site "Templin"]
[Date "2018.09.12"]
[Round "2.3"]
[White "Brauer, Christian E"]
[Black "Jagdhuber, Hans"]
[Result "1/2-1/2"]
[WhiteElo "2057"]
[BlackElo "2016"]
[PlyCount "72"]
[EventDate "2018.09.10"]
[EventType "team-swiss"]
[EventRounds "7"]
[EventCountry "GER"]
[SourceTitle "EXT 2020"]
[Source "ChessBase"]
[SourceDate "2019.10.17"]
[SourceVersion "1"]
[SourceVersionDate "2019.10.17"]
[SourceQuality "1"]
[WhiteTeam "Sachsen"]
[BlackTeam "Bayern II"]
[WhiteTeamCountry "GER"]
[BlackTeamCountry "GER"]

1. c4 c5 2. Nf3 e6 3. g3 b6 4. Bg2 Bb7 5. 0-0 Nf6 6. d4 cxd4 7. Nxd4 Bxg2 8. Kxg2 Nc6 9. Nc3 Nxd4 10. Qxd4 Bc5 11. Qd3 0-0 12. e4 Qc7 13. Bg5 Ng4 14. Bf4 Qc6 15. f3 Nf6 16. a3 Nh5 17. Bd2 Rad8 18. Rac1 Qb7 19. g4 Nf6 20. Bf4 d5 21. cxd5 exd5 22. e5 Ne8 23. b4 Be7 24. Nb5 a6 25. Nd4 Nc7 26. Rf2 Ne6 27. Be3 Rc8 28. Rfc2 Nxd4 29. Qxd4 a5 30. Rxc8 Rxc8 31. Rxc8+ Qxc8 32. Qxb6 axb4 33. axb4 f5 34. Kg3 fxg4 35. fxg4 Qc3 36. Kf4 Qxb4+ 1/2-1/2

[Event "Regionalliga Sued-West 1718"]
[Site "Bayern"]
[Date "2018.04.15"]
[Round "9.6"]
[White "Wimmer, Martin1"]
[Black "Jagdhuber, Hans"]
[Result "1/2-1/2"]
[WhiteElo "2039"]
[BlackElo "1905"]
[PlyCount "175"]
[EventDate "2017.10.22"]
[EventType "team-tourn"]
[EventRounds "9"]
[EventCountry "GER"]
[SourceTitle "EXT 2022"]
[Source "ChessBase"]
[SourceDate "2021.10.06"]
[SourceVersion "1"]
[SourceVersionDate "2021.10.06"]
[SourceQuality "1"]
[WhiteTeam "Garching III"]
[BlackTeam "Augsburg SK Rochade"]
[WhiteTeamCountry "GER"]
[BlackTeamCountry "GER"]

1. e4 c5 2. Nf3 Nc6 3. Bc4 e6 4. Nc3 Qc7 5. d3 Nge7 6. 0-0 Ng6 7. Ng5 Be7 8. f4 Bxg5 9. fxg5 0-0 10. Rf3 Na5 11. Rh3 Nxc4 12. Qh5 Re8 13. Qxh7+ Kf8 14. dxc4 Qe5 15. Qh5 d5 16. Rf3 dxe4 17. Rf2 Ke7 18. Qe2 Bd7 19. Qxe4 Qxe4 20. Nxe4 b6 21. Be3 Bc6 22. Nxc5 Ne5 23. Nd3 Nxc4 24. Bc1 Be4 25. b3 Bxd3 26. cxd3 Nd6 27. Ba3 Rad8 28. Raf1 Rf8 29. g4 f6 30. gxf6+ Rxf6 31. Rxf6 gxf6 32. Rc1 Kd7 33. Kg2 Rg8 34. Kf3 f5 35. Rg1 Rh8 36. Bxd6 Kxd6 37. gxf5 Rxh2 38. fxe6 Kxe6 39. Rg2 Rh3+ 40. Ke4 Rh4+ 41. Ke3 Kd5 42. Rg5+ Kc6 43. a3 a6 44. Re5 Rh1 45. Kd4 Ra1 46. a4 Rb1 47. Re6+ Kc7 48. Kc3 Rc1+ 49. Kd2 Rh1 50. d4 Rh3 51. Re3 Rh1 52. Rf3 Kc6 53. Kd3 b5 54. Rf6+ Kb7 55. Kc3 bxa4 56. bxa4 Ra1 57. Kb4 Rb1+ 58. Kc5 Rc1+ 59. Kd6 Rc4 60. d5 Rxa4 61. Kd7 a5 62. Rf1 Rb4 63. d6 a4 64. Ra1 Kb6 65. Kc8 Rc4+ 66. Kd8 Ka5 67. Rd1 a3 68. d7 a2 69. Ra1 Rc2 70. Ke7 Re2+ 71. Kf6 Rf2+ 72. Ke5 Re2+ 73. Kd6 Rd2+ 74. Kc7 Rc2+ 75. Kd6 Rd2+ 76. Ke6 Re2+ 77. Kf5 Rf2+ 78. Ke4 Rf8 79. Ke5 Kb6 80. Kd6 Rh8 81. Rxa2 Rh6+ 82. Ke7 Rh7+ 83. Ke8 Rh8+ 84. Ke7 Rh7+ 85. Ke6 Rh6+ 86. Kf5 Rd6 87. Rb2+ Kc7 88. Rc2+ 1/2-1/2

[Event "Regionalliga Sued-West 1718"]
[Site "Bayern"]
[Date "2018.01.21"]
[Round "5.8"]
[White "Jagdhuber, Hans"]
[Black "Joerg, Harald"]
[Result "1/2-1/2"]
[WhiteElo "1905"]
[BlackElo "2047"]
[PlyCount "47"]
[EventDate "2017.10.22"]
[EventType "team-tourn"]
[EventRounds "9"]
[EventCountry "GER"]
[SourceTitle "EXT 2022"]
[Source "ChessBase"]
[SourceDate "2021.10.06"]
[SourceVersion "1"]
[SourceVersionDate "2021.10.06"]
[SourceQuality "1"]
[WhiteTeam "Augsburg SK Rochade"]
[BlackTeam "Muenchen SC II"]
[WhiteTeamCountry "GER"]
[BlackTeamCountry "GER"]

1. Nf3 Nf6 2. g3 b6 3. Bg2 Bb7 4. 0-0 e6 5. c4 c5 6. Nc3 Be7 7. Re1 d6 8. e4 Nbd7 9. d4 cxd4 10. Nxd4 Qb8 11. Nd5 Bd8 12. Nxf6+ Bxf6 13. Nb5 Be7 14. Qg4 0-0 15. Bf4 Ne5 16. Qe2 a6 17. Nc3 Qc7 18. b3 Rfd8 19. Rac1 Rac8 20. Be3 Nd7 21. Bd4 Bf6 22. Bxf6 Nxf6 23. Red1 Ba8 24. Rc2 1/2-1/2

[Event "Regionalliga Sued-West 1718"]
[Site "Bayern"]
[Date "2017.12.10"]
[Round "4.8"]
[White "Wesely, Wolfgang"]
[Black "Jagdhuber, Hans"]
[Result "1-0"]
[WhiteElo "1916"]
[BlackElo "1905"]
[PlyCount "71"]
[EventDate "2017.10.22"]
[EventType "team-tourn"]
[EventRounds "9"]
[EventCountry "GER"]
[SourceTitle "EXT 2022"]
[Source "ChessBase"]
[SourceDate "2021.10.06"]
[SourceVersion "1"]
[SourceVersionDate "2021.10.06"]
[SourceQuality "1"]
[WhiteTeam "Altstadt Roter Turm"]
[BlackTeam "Augsburg SK Rochade"]
[WhiteTeamCountry "GER"]
[BlackTeamCountry "GER"]

1. e4 c5 2. Nf3 Nc6 3. c4 g6 4. d4 cxd4 5. Nxd4 Bg7 6. Be3 d6 7. Nc3 Nf6 8. c5 Nxd4 9. Bxd4 0-0 10. cxd6 exd6 11. Be2 Qe7 12. Bf3 Bd7 13. 0-0 Bc6 14. Qd3 Rfd8 15. Rfe1 Nd7 16. Bxg7 Kxg7 17. Rad1 Ne5 18. Qd4 Kg8 19. Be2 f6 20. f4 Nf7 21. b4 a6 22. a4 b5 23. axb5 axb5 24. Bxb5 Bxb5 25. Nxb5 Rab8 26. Nc3 Kg7 27. Nd5 Qe6 28. f5 Qe5 29. fxg6 hxg6 30. Rf1 Qxd4+ 31. Rxd4 Re8 32. Nxf6 Re6 33. Nd5 Ng5 34. Re1 Rbe8 35. Nc7 Rxe4 36. Nxe8+ 1-0

[Event "Regionalliga Sued-West 1718"]
[Site "Bayern"]
[Date "2017.10.22"]
[Round "1.7"]
[White "Steinbacher, Matthias"]
[Black "Jagdhuber, Hans"]
[Result "0-1"]
[WhiteElo "2143"]
[BlackElo "1905"]
[PlyCount "21"]
[EventDate "2017.10.22"]
[EventType "team-tourn"]
[EventRounds "9"]
[EventCountry "GER"]
[SourceTitle "EXT 2022"]
[Source "ChessBase"]
[SourceDate "2021.10.06"]
[SourceVersion "1"]
[SourceVersionDate "2021.10.06"]
[SourceQuality "1"]
[WhiteTeam "Muenchen FC Bayern"]
[BlackTeam "Augsburg SK Rochade"]
[WhiteTeamCountry "GER"]
[BlackTeamCountry "GER"]

1. c4 c5 2. b3 Nc6 3. Bb2 d6 4. g3 e5 5. Bg2 g6 6. f4 Bg7 7. Nf3 Nge7 8. d3 0-0 9. Nc3 exf4 10. gxf4 d5 11. e4 0-1

[Event "GER-chT Seniors 25th"]
[Site "Magdeburg"]
[Date "2016.10.14"]
[Round "6.3"]
[White "Bocionek, Dieter"]
[Black "Jagdhuber, Hans"]
[Result "0-1"]
[WhiteElo "1981"]
[BlackElo "2010"]
[PlyCount "109"]
[EventDate "2016.10.09"]
[EventType "team-swiss"]
[EventRounds "7"]
[EventCountry "GER"]
[SourceTitle "EXT 2019"]
[Source "ChessBase"]
[SourceDate "2018.10.10"]
[SourceVersion "1"]
[SourceVersionDate "2018.10.10"]
[SourceQuality "1"]
[WhiteTeam "Sachsen Anhalt III"]
[BlackTeam "Deutscher Blindenschachbund"]
[WhiteTeamCountry "GER"]
[BlackTeamCountry "GER"]

1. d4 g6 2. e4 c6 3. c3 Bg7 4. f4 d5 5. e5 h5 6. Nf3 Nh6 7. Bd3 Bg4 8. 0-0 e6 9. Qb3 Qb6 10. Qxb6 axb6 11. Nbd2 Bf8 12. b3 Na6 13. Bb2 Bf5 14. Be2 Be7 15. Rfc1 0-0 16. Nf1 b5 17. h3 h4 18. Ne3 Kg7 19. Kh2 Rh8 20. Rf1 Be4 21. Nd2 Bf5 22. Bc1 Nc7 23. b4 Ra7 24. Nb3 Na8 25. Bd1 Nb6 26. Na5 Bd3 27. Rf2 Nc4 28. Naxc4 Bxc4 29. a3 Bd3 30. Bc2 Bxc2 31. Rxc2 Nf5 32. Nxf5+ gxf5 33. Rca2 Ra4 34. Be3 Rha8 35. g3 hxg3+ 36. Kxg3 Kh6 37. Bc1 Rg8+ 38. Kh2 Bh4 39. Rg2 Rxg2+ 40. Kxg2 Ra8 41. Bd2 Rg8+ 42. Kh2 Bg3+ 43. Kh1 Kh5 44. a4 bxa4 45. Rxa4 Kh4 46. Ra7 Kxh3 47. Ra1 Bf2 48. c4 Rg2 49. Ra3+ Rg3 50. Ra1 Bxd4 51. Rf1 dxc4 52. b5 cxb5 53. Be1 Rd3 54. Bb4 c3 55. Bxc3 0-1

[Event "Bayern-ch Seniors op 27th"]
[Site "Bergen"]
[Date "2015.06.15"]
[Round "9"]
[White "Jagdhuber, Hans"]
[Black "Leuschner, Guenter"]
[Result "1-0"]
[WhiteElo "1906"]
[BlackElo "1757"]
[PlyCount "63"]
[EventDate "2015.06.15"]
[EventType "swiss"]
[EventRounds "9"]
[EventCountry "GER"]
[SourceTitle "EXT 2019"]
[Source "ChessBase"]
[SourceDate "2018.10.10"]
[SourceVersion "1"]
[SourceVersionDate "2018.10.10"]
[SourceQuality "1"]

1. Nf3 Nf6 2. g3 g6 3. Bg2 Bg7 4. 0-0 0-0 5. c4 d6 6. d4 Nbd7 7. Nc3 e5 8. e4 c6 9. d5 cxd5 10. exd5 b6 11. Re1 Ba6 12. b4 Rc8 13. Bb2 Qe7 14. Qa4 Bxc4 15. Nd2 a6 16. Nxc4 b5 17. Nxb5 Rxc4 18. Na3 Nc5 19. Qa5 Nb7 20. Qb6 Rcc8 21. Qxa6 Bh6 22. Bc1 Ra8 23. Qd3 Bg7 24. Bd2 Qd7 25. Rec1 Rfb8 26. Nc4 Nd8 27. Na5 Ne8 28. Nc6 Rb7 29. a4 h6 30. a5 Rc8 31. b5 Nc7 32. b6 1-0

[Event "Bayern-ch op Seniors 26th"]
[Site "Bergen"]
[Date "2014.06.28"]
[Round "8"]
[White "Jagdhuber, Hans"]
[Black "Fischer, Gerd"]
[Result "1/2-1/2"]
[WhiteElo "1876"]
[BlackElo "2008"]
[PlyCount "27"]
[EventDate "2014.06.21"]
[EventType "swiss"]
[EventRounds "7"]
[EventCountry "GER"]
[SourceTitle "EXT 2018"]
[Source "ChessBase"]
[SourceDate "2017.10.13"]
[SourceVersion "1"]
[SourceVersionDate "2017.10.13"]
[SourceQuality "1"]

1. Nf3 Nf6 2. c4 e6 3. g3 b6 4. Bg2 Bb7 5. 0-0 d6 6. Nc3 Nbd7 7. d4 Be7 8. Qc2 0-0 9. e4 h6 10. b3 Nh7 11. d5 e5 12. Be3 Kh8 13. b4 Ndf6 14. h3 1/2-1/2

[Event "Bayern-ch Seniors 23rd"]
[Site "Bergen"]
[Date "2011.06.03"]
[Round "7"]
[White "Geisensetter, Franz"]
[Black "Jagdhuber, Hans"]
[Result "1-0"]
[WhiteElo "1979"]
[BlackElo "1946"]
[PlyCount "91"]
[EventDate "2011.05.28"]
[EventType "swiss"]
[EventRounds "9"]
[EventCountry "GER"]
[SourceTitle "EXT 2012"]
[Source "ChessBase"]
[SourceDate "2011.11.24"]
[SourceVersion "1"]
[SourceVersionDate "2011.11.24"]
[SourceQuality "1"]

1. e4 d5 2. exd5 Qxd5 3. Nc3 Qd6 4. d4 Nf6 5. Bc4 c6 6. Nge2 Bf5 7. Bf4 Qb4 8. Bb3 e6 9. 0-0 Nbd7 10. Bc7 Rc8 11. a3 Qe7 12. Be5 Nxe5 13. dxe5 Nd5 14. Nxd5 exd5 15. Nd4 Qd7 16. c4 dxc4 17. Bxc4 Bc5 18. Nxf5 Qxf5 19. e6 fxe6 20. Bxe6 Qxe6 21. Qh5+ Kd7 22. Qxc5 b6 23. Qb4 Rhe8 24. a4 Kc7 25. a5 Kb7 26. axb6 axb6 27. Ra3 Ra8 28. Re3 Qd7 29. Rf3 Qe7 30. Qb3 Rf8 31. Re3 Qf7 32. Qc2 g6 33. Rc1 Rac8 34. h3 Rc7 35. Qe2 Qd5 36. Re5 Qf7 37. Ra1 b5 38. Rxb5+ Kc8 39. Rb4 c5 40. Re4 Ra7 41. Rc1 Qc7 42. b4 Rf5 43. Re8+ Kb7 44. Re7 Kb6 45. Rxc7 Rxc7 46. bxc5+ 1-0